| 000 | 00495nam a2200181 i 4500 | ||
|---|---|---|---|
| 999 |
_c215 _d215 |
||
| 020 | _a0155064703 | ||
| 050 | 0 | 0 |
_aQD31.2 _b.Y6 |
| 100 | 1 | _aYoder, Claude H. | |
| 245 | 1 | 0 |
_aChemistry / _cClaude H. Yoder, Fred H. Suydam, Fred A. Snavely. |
| 250 | _a2d ed. | ||
| 260 |
_aNew York : _bHarcourt Brace Jovanovich, _cc1980. |
||
| 300 |
_axvi, 876 p. : _bill. ; _c25 cm. |
||
| 505 | _aINCLUDES INDEX | ||
| 650 | 0 | _aChemistry. | |
| 700 | 1 | _aSuydam, Fred H., | |
| 700 | 1 | _aSnavely, Fred A., | |
| 942 | _cBK | ||